Význam malých a stredných podnikov pre hospodárstvo Slovenskej republiky za roky 2008 - 2009

Analýza vybraných ukazovateľov MSP v podnikateľskom prostredí za obdobie 2008 - 2009 v Slovenskej republike. Demografický vplyv podnikateľského prostredia. Podiel malých a stredných podnikov na zamestnanosti v SR. Podiel malých a stredných podnikov na produkcii vo vybraných odvetviach. Podiel na tvr...

Descrizione completa

Salvato in:
Dettagli Bibliografici
Autore principale: Piačková, Alexandra
Altri autori: Tekelová, Zuzana, 1987-
Natura: Capitolo di libro
Lingua:slovacco
Soggetti:
Tags: Aggiungi Tag
Nessun Tag, puoi essere il primo ad aggiungerne!!

MARC

LEADER 00000nla$a2200000$$$4500
001 0122719
005 20240521122053.1
041 0 |a slo 
044 |a CZ 
245 1 0 |a Význam malých a stredných podnikov pre hospodárstvo Slovenskej republiky za roky 2008 - 2009  |c Alexandra Piačková, Zuzana Tekelová 
520 |a Analýza vybraných ukazovateľov MSP v podnikateľskom prostredí za obdobie 2008 - 2009 v Slovenskej republike. Demografický vplyv podnikateľského prostredia. Podiel malých a stredných podnikov na zamestnanosti v SR. Podiel malých a stredných podnikov na produkcii vo vybraných odvetviach. Podiel na tvrobe pridanej hodnoty. Podiel na zisku pred zdanením. 
610 2 0 |a podnikanie malé 
610 2 0 |a podnikanie stredné 
610 2 0 |a podnik malý 
610 2 0 |a podnik stredný 
610 2 0 |a prostredie podnikateľské 
610 2 0 |a výroba 
610 2 0 |a zamestnanosť 
610 2 0 |a hodnota pridaná 
610 2 0 |a zisk 
610 2 0 |a analýzy 
610 2 0 |a Slovensko 
100 1 |a Piačková, Alexandra 
700 1 |a Tekelová, Zuzana, 1987-